000 00438nam a2200145Ia 4500
008 100204s9999 xx 000 0 und d
082 _b26643
100 _aमहाजन सुलक्षणा
245 _aजग बदलल
260 _b"ग्रंथाली ज्ञानयज्ञ , मुंबई"
_c2004
300 _a105
630 _aजग बदलल
730 _aजग बदलल
942 _cBOOK
999 _c471824
_d471821